İnsan hakları ve mülteci korunması (Record no. 3420)

MARC details
000 -BAŞLIK
Sabit Uzunlukta Kontrol Alanı 00766na a2200265 4500
001 - KONTROL NUMARASI
Denetim Alanı 15734
003 - KONTROL NUMARASI IDENTIFIER
Denetim Alanı MIRAKIL
005 - SON İŞLEM TARİHİ VE ZAMANI
Denetim Alanı 20181213154931.0
008 - SABİT-BOY VERİ ELEMANLARI - GENEL BİLGİLER
Sabit Uzunlukta Kontrol Alanı 160923b tu 000 0
035 ## - SİSTEM KONTROL NUMARASI
Sistem Kontrol Numarası 15734
040 ## - KATALOGLAMA KAYNAK
Orijinal Kataloglama Ajansı Milas
Kataloglama Dili tur
Metne Dönüştürmek Ajansı TR-AnCHP
082 ## - DEWEY ONLU SINIFLANDIRMA NUMARASI
Sınıflandırma Numarası 323.631
Ürün Numarası İ57 1996
090 ## - SINIFLAMA NUMARASI
Sınıflama Numarası 323.631 İ57 1996
245 ## - BAŞLIK TABLOSU
Başlık İnsan hakları ve mülteci korunması
Başlığın Kalan Kısım 2: özel konular
246 ## - UNVAN FORM VARYING
Başlık Doğru / Kısa Başlığı Kısım 2: özel konular
260 ## - YAYIN, DAĞITIM, VB
Yayın, Dağıtım, Vb Yeri [y.y.]
Yayıncı, Dağıtıcı, Vs Adı BMMYK ile eğitim
Yayın, Dağıtım, Vb Tarihi 1996
300 ## - FİZİKSEL TANIM
Kapsam 73 s.
Boyutlar 30 sm.
490 ## - SERİSİ TABLOSU
Seri Beyanı RLD
Hacim / Ardışık Tanımı 5
500 ## - GENEL NOT
Genel Not Eğitim Modülü
650 ## - KONU KATMA GİRİŞ - TOPİKAL DÖNEM
Topikal Süreli Veya Coğrafi Ad Giriş Elemanı Hak ve özgürlükler
Coğrafi Alt Bölümü Mülteciler
650 ## - KONU KATMA GİRİŞ - TOPİKAL DÖNEM
Topikal Süreli Veya Coğrafi Ad Giriş Elemanı Uluslararası insan hakları
Genel Alt Bölümü Mülteciler
650 ## - KONU KATMA GİRİŞ - TOPİKAL DÖNEM
Topikal Süreli Veya Coğrafi Ad Giriş Elemanı Mülteciler
Coğrafi Alt Bölümü Kadın
650 ## - KONU KATMA GİRİŞ - TOPİKAL DÖNEM
Topikal Süreli Veya Coğrafi Ad Giriş Elemanı Mülteciler
Genel Alt Bölümü Çocuklar
942 ## - EKLENDİ GİRİŞ ELEMANLARI (KOHA)
Sınıflandırma Veya Raf Düzeni Kaynak Dewey Decimal Classification
Koha Öğesi Türü Books
999 ## - SİSTEM KONTROL NUMARALARI (KOHA)
Koha Biblionumber 3420
Koha Biblioitemnumber 3420
Holdings
Kalıcı Konum Mevcut Konum Edinme Tarihi Edinim Kaynak Toplam Check-Out'Lar Tam Çağrı Numarası Barkod Tarih Son Görülme İtibaren Geçerli Fiyatlar Koha Öğesi Türü
CHP Kütüphanesi CHP Kütüphanesi 09/23/2016 Bağış   323.631 İ57 1996 004138 09/23/2016 09/23/2016 Books